Rise and fall of the third reich: a history of Nazi Germany. (Record no. 410997)

000 -LEADER
fixed length control field 00426cam a22001337a 4500
008 - FIXED-LENGTH DATA ELEMENTS--GENERAL INFORMATION
fixed length control field 180718b1960 xxu||||| |||| 00| 0 eng d
082 ## - DEWEY DECIMAL CLASSIFICATION NUMBER
Classification number A6X43 Sh65
100 ## - MAIN ENTRY--PERSONAL NAME
Personal name Shirer, William L.
245 ## - TITLE STATEMENT
Title Rise and fall of the third reich: a history of Nazi Germany.
Statement of responsibility, etc. by William L. Shirer
260 ## - PUBLICATION, DISTRIBUTION, ETC.
Place of publication, distribution, etc. London
Name of publisher, distributor, etc. Secker And Warburg
Date of publication, distribution, etc. 1960
300 ## - PHYSICAL DESCRIPTION
Extent xii, 1245p
650 ## - SUBJECT ADDED ENTRY--TOPICAL TERM
Topical term or geographic name entry element Germany -History -1933-1945.
650 ## - SUBJECT ADDED ENTRY--TOPICAL TERM
Topical term or geographic name entry element National socialism
Holdings
Withdrawn status Lost status Damaged status Not for loan Permanent Location Current Location Date acquired Full call number Barcode Date last seen Price effective from Koha item type
        Indian Institute of Public Administration Indian Institute of Public Administration 2009-01-23 A6X43 Sh65 23668 2018-07-21 2018-07-21 Book

Powered by Koha